Základy ekonomickej statistiky

Uložené v:
Podrobná bibliografia
Médium: Kniha
Jazyk:Czech
Vydavateľské údaje: Praha Státní pedagogické nakladatelství 1972
Vydanie:3. vyd.
Tagy: Pridať tag
Žiadne tagy, Buďte prvý, kto otaguje tento záznam!

MARC

LEADER 00000nam a2200000 4500
001 c121745
005 20260323081436.0
041 0 |a cze 
044 |a CZ 
245 1 0 |a Základy ekonomickej statistiky 
250 |a 3. vyd. 
264 1 |a Praha  |b Státní pedagogické nakladatelství  |c 1972 
300 |a 241 s.